| 000 | 00733nam a22001815i 4500 | ||
|---|---|---|---|
| 001 | 156993 | ||
| 003 | ES-MaACL | ||
| 005 | 20230906210542.0 | ||
| 008 | 990121s1893 ve a |||| | spa d | ||
| 040 |
_aCCPB | B _bspa _cCCPB | B |
||
| 100 | 1 |
_aLandaeta Rosales, Manuel. _9128652 |
|
| 245 | 1 | 0 |
_aHoja de servicios del General Joaquín Crespo / _cformada por Manuel Landaeta Rosales. |
| 260 |
_aCaracas : _b[s.n.], _c1893 ( _fImprenta Bolívar) |
||
| 300 |
_a58, [1] p., [1] h. de lám. ; _c30 cm. |
||
| 599 | _aLa h. de lám. es una fot. del General Joaquín Crespo. | ||
| 600 | 1 | 4 |
_aCrespo, Joaquín- _vBiografías. _9126638 |
| 852 |
_aES-MaACL _jT-786-F-6 _z-- Enc. hol., conservando la cub. original _z-- Enc. en un vol. facticio |
||
| 999 |
_c156993 _d156993 |
||